00507nam a22001457a 4500020000800000040001600008082001600024100003400040245005700074260006600131300003500197942001200232999001900244952009800263 qHB. cFIZZA ISHAQ a333.72bEAR a Learning , Graphic.9133855 aConcise Earth Book World Atlas /c Graphic Learning. aYugosiavia:bDenver, Colo. : Earthbooks Incorporated,c 1990. a184 P. ;c7.2 X 5.2 X.5 inches 2ddccBK c616837d616837 00102ddc4070aNQCbNQCcREFd2026-04-03l0o333.72 EARpQD-937r2026-04-03w2026-04-03yBK